Регионална библиотека "Любен Каравелов" - Русе

Стихотворения (Запис номер 467843)

MARC детайли
000 -Лидер
Контролно поле с фиксирана дължина 01236nam a2200277 a 4500
003 - Код на организацията, давaща контролен номер
Контролно поле BLK
005 - Дата и час на последна редакция
Контролно поле 20250128095713.0
008 - Елементи от данни с фиксирана дължина
fixed length control field 220722b bu |||||r|||| 00| | bu d
040 ## - Източник на каталожния запис
Идентификатор на билиотеката - собственик на записа BLK
041 ## - Код за език
Код за езика на текст/звукозапис или на отделно заглавие Български
Код за езика КДБФ Български
080 ## - УДК
Текстов определител УДК Българска литература
УДК код - определител по УДК 821.163.2
УДК определител -1
УДК - код + определител 821.163.2-1
100 1# - Редна дума - Автор
Автор Пенев, Пеньо
Дати, свързани с автора 1930-1959
Автор - информация (биография) Поет. Журналист.
Пълна форма на името Митев, Пеньо Пенев
R(LIN) 108007
139 ## - Редно поле
Редна дума Пенев, Пеньо
245 ## - Сведения за заглавието
Заглавие Стихотворения
Редно поле (дума) Пеньо Пенев; подбор [с предг.] Пенчо Данчев
250 ## - Област на изданието
Сведения за изданието [6. изд.]
260 ## - Област на издателските данни
9 (RLIN) 209502
Място на издаване, разпространение и проч. София
Име на издателя, разпространителя и проч. Бълг. писател
Година на издаване 1972
Издателство - префикс ISBN 978-619-204- ; 978-954-443- ; 954-90895-
300 ## - Физическа характеристика
Страници 120 с.
Размери/Мащаб 20 см
380 ## - Жанр
Жанр Худож. лит.
490 ## - СЕРИИ (Колекции)
9 (RLIN) 201322
Име на серия Библиотека за ученика
500 ## - Общи забележки
Забележка Пълното име на авт. е Пеньо Пенев Митев<br/>1. изд. 1967<br/>Съдържа и поемата Дни на проверка<br/>45 100 тир
700 ## - Други автори (авторска отговорност)
9 (RLIN) 374492
Лично име Данчев, Пенчо Иванов
Автороска отговорност (Описва отношението между автора и произведението) предг. от
852 ## - Местоположение
Форматна сигнатура Цб 64997
Фондова буква Хранилище
999 ## - СИСТЕМНИ КОНТРОЛНИ НОМЕРА
Koha biblionumber 467843
Koha biblioitemnumber 467843
942 ## - АРТИКУЛИ
Вид на библиотечния материал Книги
Скрит в OPAC Не
Периодичен библиозапис Да
944 ## - СЪЗДАВАНЕ И РЕДАКЦИЯ на ЗАПИСА
Създаване/Редакция Създаване
Дата на регистрацията/редакция 2022-07-22
Служител, извършил регистрацията/редакцията 30560
Статус, дата на статуса Геновева Генчева
999 ## - СИСТЕМНИ КОНТРОЛНИ НОМЕРА
Koha biblioitemnumber 467843
Наличности
Код за отписване Код за изгубен артикул Източник на класификационната схема Код за повреда Коз за рестрикции Код за отдаване Артикулен № Име на библиотеката - собственик Име на библиотеката, в която се намира в момента Статус (Текущо местоположение) Дата на вписване в системата Местоположение - отдел Цена в лева Инвентарен номер Систематично азбучна сигнатура Баркод Цена в евро Служебен тип на артикула
  Не е изгубен Universal Decimal Classification Не е повреден само за читалня ползва се в читалня 897174 Регионална библиотека "Любен Каравелов" Русе Регионална библиотека "Любен Каравелов" Русе Хранилище 2022-07-25 Хранилище 0.23 126665 Цб 64997 120000126665 0.12 Книги
Vip Innovations Ltd, Rousse, Bulgaria 2025